000 01022nam a22003137a 4500
003 CHAP
005 20220329134206.0
008 971013s1971 r 00010 d
010 _a16741
011 _a17713
035 _a21797
040 _cCHAP
090 _aFolleto 4477
110 _aJalisco. Agencia General de Agricultura
_960976
245 _aPrograma agropecuario y forestal para la zona Huichol
260 _aGuadalajara, Jal.,
_c1971
300 _a18 p.
590 _aBATCH-UPD
_b10
_c20130110
_lUCH01
_h2127
590 _aBATCH-UPD
_b10
_c20130410
_lUCH01
_h1436
590 _aBATCH-UPD
_b10
_c20130914
_lUCH01
_h0708
590 _aCONVERSION
_b10
_c20130109
_lUCH01
_h1310
650 1 4 _aBosques
_xAspectos económicos
_xJalisco.
_914073
650 1 4 _aPolítica agrícola
_xJalisco.
_990330
650 1 4 _aPolítica forestal
_xJalisco.
_990586
901 _aBK
942 _cFOLL
949 _aFolleto 4477
_bBC
_cFOLL
_d-50731
_eTS1
_i21797
_mD
_si
949 _aFolleto 4477
_bBC
_cFOLL
_d-50732
_eTS2
_fc.2
_i21797
_mD
_si
999 _c16741
_d16741